00284cam a22000857a 4500008004000000100003500040245006900075260004500144300000900189180718b1958 xxu||||| |||| 00| 0 eng d aIndia. Rajya Sabha Secretariat aRajya Sabha debates, Vol. XX, Nos. 1-11 (10 Feb. - 24 Feb. 1958) aNew DelhibRajya Sabha Secretariatc1958 av.p.